MCU Movies by Rotten Tomatoes Score - Statistics

General Stats
  • This quiz has been taken 86 times
  • The average score is 26 of 34
Answer Stats
Hint Answer % Correct
Three Avengers: Endgame
92%
One Iron Man
90%
One Iron Man 2
89%
One The Incredible Hulk
87%
Five Ant-Man and the Wasp: Quantumania
86%
One The Avengers
86%
One Thor
83%
One Captain America: The First Avenger
81%
Four Spider-Man: No Way Home
81%
Two Thor: The Dark World
81%
Two Avengers: Age of Ultron
79%
Three Black Panther
79%
Four Eternals
79%
Two Captain America: The Winter Soldier
78%
Three Avengers: Infinity War
76%
Three Captain Marvel
76%
Two Iron Man 3
76%
Three Spider-Man: Homecoming
76%
Five The Marvels
76%
Three Thor: Ragnarok
76%
Two Ant-Man
75%
Three Ant-Man and The Wasp
75%
Three Captain America: Civil War
71%
Four Doctor Strange in the Multiverse of Madness
71%
Four Thor: Love and Thunder
71%
Four Black Widow
70%
Three Doctor Strange
70%
Two Guardians of the Galaxy
70%
Three Spider-Man: Far from Home
70%
Four Black Panther: Wakanda Forever
68%
Five Guardians of the Galaxy Vol. 3
68%
Four Shang-Chi and the Legend of the Ten Rings
67%
Five Deadpool & Wolverine
65%
Three Guardians of the Galaxy Vol. 2
65%
No matching quizzes found
Score Distribution
Percent of People with Each Score
Percentile by Number Answered
Your Score History
You have not taken this quiz